000 01414nmm a2200445 a 4500
003 AR-BaBNM
005 20251128203009.0
008 217019s1991 ||||||||||||||000 | spa||
020 _a968-23-1691-X
040 _cAR-BaBNM
245 1 0 _aEl mito de la universidad
260 _aMéxico, D.F.
_bSiglo Veintiuno
_bUNAM. Centro de Estudios sobre la Universidad
_c1991
300 0 _a285 p.
500 0 _aContiene referencias bibliográficas en notas a pie de página
500 0 _aUNAM: UNIVERSIDAD NACIONAL AUTONOMA DE MExICO
650 4 _aUNIVERSIDADES
650 4 _aTEORIAS DE LA EDUCACION
650 4 _aSIGLO DIECINUEVE
650 4 _aSIGLO VEINTE
650 4 _aFILOSOFIA DE LA EDUCACION
650 4 _aESTADO Y EDUCACION
650 4 _aPAPEL DE LA ESCUELA
650 4 _aPROFESORES UNIVERSITARIOS
650 4 _aENSENANZA UNIVERSITARIA
650 4 _aCIENCIA
650 4 _aACTIVIDADES CIENTIFICAS
700 1 _aBonvecchio, Claudio
_eprologuista
700 1 _aAguirre Lora, María Esther
_eprologuista
700 1 _aGermaine de Staël, Anne Louise
700 1 _aHegel, Georg Wilhelm Friedrich
700 1 _aHeine, Heinrich
700 1 _aSchopenhauer, Arthur
700 1 _aCantoni, Carlos
700 1 _aLabriola, Antonio
700 1 _aWilamowitz-Moellendorff, Ulrich von
700 _aHumboldt, Wilhelm von
700 1 _aOrtega y Gasset, José
942 _cBK
998 _cSILVI
999 _c1441
_d1441